000 00597nam a2200241Ia 4500
003 OSt
005 20221007104248.0
006 a|||||r|||| 00| 0
007 ta
008 221006b |||||||| |||| 00| 0 eng d
024 _a15,341
037 _cTextual
040 _aLCO
_cLCO
_beng
041 _2eng
_aeng
082 _aZ2,91'C, M2
100 _aGupta V.K
245 0 _aKautilyan Jurisprudence
260 _aDelhi
_bB.D.Gupta India
_c1982
300 _axii+356
650 _aJURISPRUDENCE
942 _hZ2,91'C, M2
_cTEXL
999 _c1184904
_d1184904